[Event "Provincial-ch Valencia Preferente"]
[Site "Valencia"]
[Date "2012.11.03"]
[Round "4"]
[White "Camarasa Buades, Miguel"]
[Black "Aparisi Arnandis, Bernardo"]
[Result "1/2-1/2"]
[WhiteElo "1694"]
[BlackElo "2071"]
[PlyCount "154"]
[EventDate "2012.10.06"]
[EventType "swiss"]
[EventRounds "7"]
[EventCountry "ESP"]
[SourceTitle "EXT 2024"]
[Source "ChessBase"]
[SourceDate "2023.10.10"]
[SourceVersion "1"]
[SourceVersionDate "2023.10.10"]
[SourceQuality "1"]

1. d4 Nf6 2. Nf3 g6 3. Bf4 Bg7 4. Nbd2 d5 5. e3 c5 6. c3 Qb6 7. Qb3 Nc6 8. Qxb6 axb6 9. Bc7 Nd7 10. Bb5 0-0 11. 0-0 e5 12. dxe5 Ncxe5 13. Rfd1 c4 14. Bxd7 Nxd7 15. Nf1 Ra5 16. Ng3 Re8 17. Ne2 Rc5 18. Bd6 Rb5 19. Bb4 Rxb4 20. cxb4 Bxb2 21. Rab1 c3 22. Rd3 Nf6 23. Nfd4 Ne4 24. f3 Nd2 25. Rd1 Nc4 26. Nxc3 Ne5 27. Nxd5 Kg7 28. Rb3 Nc4 29. e4 Rd8 30. Ne2 f5 31. Ne3 Rxd1+ 32. Nxd1 Bf6 33. Ng3 f4 34. Ne2 g5 35. g3 fxg3 36. Nxg3 Kg6 37. Rd3 Ne5 38. Ra3 h5 39. Kg2 h4 40. Ne2 h3+ 41. Kf2 g4 42. f4 Nf3 43. Rxf3 gxf3 44. Kxf3 Kh5 45. e5 Be7 46. a3 Bg4+ 47. Ke3 b5 48. Ndc3 Be6 49. Nxb5 Bd8 50. Nd6 Bd5 51. f5 Kg4 52. f6 Kg5 53. Nd4 Kg6 54. Kf4 Bb6 55. N4f5 Bg1 56. Ne7+ Kh5 57. Nxd5 Bxh2+ 58. Kf5 Bxe5 59. Ne4 h2 60. Nf2 Bd4 61. f7 Bg7 62. Kf4 Kg6 63. Ne3 Kxf7 64. Neg4 Bb2 65. a4 Bc3 66. b5 Ke6 67. Ke4 Kd6 68. Nxh2 Kc5 69. Nd3+ Kc4 70. Nf3 b6 71. Nfe5+ Kb3 72. Nc5+ Kb4 73. Ned7 Ka5 74. Kd5 Bb4 75. Nxb6 Kxb6 76. Nb3 Be1 77. a5+ Kxb5 1/2-1/2

[Event "Provincial-ch Valencia Preferente"]
[Site "Valencia"]
[Date "2012.10.20"]
[Round "2"]
[White "Camarasa Buades, Miguel"]
[Black "Martinez Primo, Jose Manuel"]
[Result "1-0"]
[WhiteElo "1694"]
[BlackElo "1928"]
[PlyCount "41"]
[EventDate "2012.10.06"]
[EventType "swiss"]
[EventRounds "7"]
[EventCountry "ESP"]
[SourceTitle "EXT 2024"]
[Source "ChessBase"]
[SourceDate "2023.10.10"]
[SourceVersion "1"]
[SourceVersionDate "2023.10.10"]
[SourceQuality "1"]

1. d4 e6 2. Nf3 d5 3. Bf4 Bd6 4. Bxd6 Qxd6 5. Nbd2 Qb4 6. Qc1 Nf6 7. e3 0-0 8. Bd3 c5 9. a3 Qb6 10. dxc5 Qxc5 11. c4 b6 12. cxd5 Qxd5 13. Qc4 Qd6 14. Ne4 Qe7 15. Nxf6+ Qxf6 16. Qe4 Qf5 17. Nd4 Qxe4 18. Bxe4 Nd7 19. Bxa8 Ba6 20. Bf3 Nc5 21. Be2 1-0

[Event "Valenciana U18"]
[Site "Valenciana"]
[Date "2011.04.30"]
[Round "7"]
[White "Nieves Cabanes, Javier"]
[Black "Camarasa Buades, Miguel"]
[Result "1-0"]
[WhiteElo "1867"]
[BlackElo "1684"]
[PlyCount "103"]
[EventDate "2011.04.27"]
[EventType "swiss"]
[EventRounds "7"]
[EventCountry "ESP"]
[SourceTitle "EXT 2024"]
[Source "ChessBase"]
[SourceDate "2023.10.10"]
[SourceVersion "1"]
[SourceVersionDate "2023.10.10"]
[SourceQuality "1"]

1. d4 d5 2. c4 c6 3. Nf3 Nf6 4. Qc2 g6 5. Bf4 Bg7 6. Nc3 0-0 7. e3 Nbd7 8. Bd3 dxc4 9. Bxc4 Nb6 10. Be2 Nfd5 11. Bg3 Be6 12. a3 Rc8 13. b4 Nxc3 14. Qxc3 Nd5 15. Qc2 a5 16. Rb1 axb4 17. axb4 Ra8 18. 0-0 Nc7 19. Rb2 Nd5 20. Ng5 Bd7 21. Nf3 Be6 22. e4 Nb6 23. Rd1 Bg4 24. Qd3 Re8 25. Rc2 Rc8 26. Qe3 Be6 27. Ng5 Bd7 28. Rcd2 e6 29. f4 f5 30. Bf2 Bf6 31. Nf3 Qe7 32. Rb1 fxe4 33. Qxe4 Nd5 34. Rd3 Nxb4 35. Rdb3 Nd5 36. Ne5 Bxe5 37. fxe5 b5 38. Rh3 Qg5 39. Rbb3 Nf4 40. Rhg3 Nxe2+ 41. Qxe2 Qc1+ 42. Be1 Rf8 43. Rbc3 Qf4 44. Rcd3 Qf7 45. Bb4 Rfe8 46. Rdf3 Qg7 47. Rf6 c5 48. dxc5 Bc6 49. Qg4 Rcd8 50. h4 Kh8 51. h5 Bd5 52. hxg6 1-0

[Event "Valenciana U18"]
[Site "Valenciana"]
[Date "2011.04.29"]
[Round "5"]
[White "Davidovas Chananovas, Norman"]
[Black "Camarasa Buades, Miguel"]
[Result "1/2-1/2"]
[WhiteElo "1754"]
[BlackElo "1684"]
[PlyCount "67"]
[EventDate "2011.04.27"]
[EventType "swiss"]
[EventRounds "7"]
[EventCountry "ESP"]
[SourceTitle "EXT 2024"]
[Source "ChessBase"]
[SourceDate "2023.10.10"]
[SourceVersion "1"]
[SourceVersionDate "2023.10.10"]
[SourceQuality "1"]

1. e4 c5 2. Nf3 d6 3. d4 cxd4 4. Nxd4 Nf6 5. Nc3 a6 6. Bd3 Nc6 7. Nb3 e5 8. 0-0 Be7 9. a3 0-0 10. Nd5 Be6 11. f4 Rc8 12. Kh1 b5 13. Nxf6+ Bxf6 14. f5 Bd7 15. Rf3 Bg5 16. Rg3 Bxc1 17. Rxc1 Qf6 18. Qh5 Ne7 19. c4 bxc4 20. Bxc4 Bb5 21. Rgc3 Bxc4 22. Rxc4 Rxc4 23. Rxc4 d5 24. exd5 Nxd5 25. Qf3 Qd6 26. Na5 Ne7 27. h4 Qd2 28. f6 Ng6 29. fxg7 Kxg7 30. Nc6 Nxh4 31. Rg4+ Ng6 32. Ne7 Qc1+ 33. Kh2 Qh6+ 34. Kg1 1/2-1/2

[Event "Valenciana U18"]
[Site "Valenciana"]
[Date "2011.04.27"]
[Round "2"]
[White "Camarasa Buades, Miguel"]
[Black "Segarra Martinez, Axel"]
[Result "0-1"]
[WhiteElo "1684"]
[BlackElo "2068"]
[PlyCount "58"]
[EventDate "2011.04.27"]
[EventType "swiss"]
[EventRounds "7"]
[EventCountry "ESP"]
[SourceTitle "EXT 2024"]
[Source "ChessBase"]
[SourceDate "2023.10.10"]
[SourceVersion "1"]
[SourceVersionDate "2023.10.10"]
[SourceQuality "1"]

1. d4 Nf6 2. Nf3 d5 3. Bf4 c5 4. e3 Qb6 5. b3 Nc6 6. Be2 Bg4 7. c3 e6 8. 0-0 Ne4 9. Nfd2 Bxe2 10. Qxe2 f5 11. Nxe4 dxe4 12. Nd2 Be7 13. Nc4 Qd8 14. Ne5 0-0 15. Nxc6 bxc6 16. Rfd1 cxd4 17. Rxd4 Qa5 18. Qc4 Bf6 19. Qxe6+ Kh8 20. b4 Qa3 21. Rdd1 Qxc3 22. Rab1 a5 23. Rdc1 Qd2 24. Rd1 Qe2 25. Re1 Qb5 26. Bd6 Rfe8 27. Qf7 a4 28. Rec1 Red8 29. Rc5 Qd3 0-1